Princess Diana : (Record no. 9723)
[ view plain ]
| 000 -LEADER | |
|---|---|
| fixed length control field | 00576nam a22002177a 4500 |
| 003 - CONTROL NUMBER IDENTIFIER | |
| control field | OSt |
| 005 - DATE AND TIME OF LATEST TRANSACTION | |
| control field | 20140310182133.0 |
| 008 - FIXED-LENGTH DATA ELEMENTS--GENERAL INFORMATION | |
| fixed length control field | 130828t xxu||||| |||| 00| 0 eng d |
| 020 ## - INTERNATIONAL STANDARD BOOK NUMBER | |
| International Standard Book Number | 0451197119 |
| 020 ## - INTERNATIONAL STANDARD BOOK NUMBER | |
| International Standard Book Number | 091725713016 |
| 050 ## - LIBRARY OF CONGRESS CALL NUMBER | |
| Classification number | DA 591 |
| Item number | .B979 1997 |
| 082 ## - DEWEY DECIMAL CLASSIFICATION NUMBER | |
| Classification number | HS 920.D542 |
| Item number | B965 1997 |
| 100 ## - MAIN ENTRY--PERSONAL NAME | |
| Personal name | Buskin, Richard |
| 9 (RLIN) | 14816 |
| 245 ## - TITLE STATEMENT | |
| Title | Princess Diana : |
| Remainder of title | her life story, 1961-1997 / |
| Statement of responsibility, etc | Richard Buskin. |
| 300 ## - PHYSICAL DESCRIPTION | |
| Extent | 223 p. ; |
| Dimensions | 18 cm. |
| 650 ## - SUBJECT ADDED ENTRY--TOPICAL TERM | |
| Topical term or geographic name as entry element | Diana |
| 9 (RLIN) | 14817 |
| 650 ## - SUBJECT ADDED ENTRY--TOPICAL TERM | |
| Topical term or geographic name as entry element | Princess of Wales |
| 9 (RLIN) | 14818 |
| 650 ## - SUBJECT ADDED ENTRY--TOPICAL TERM | |
| Topical term or geographic name as entry element | 1961-1997 |
| 9 (RLIN) | 14819 |
| 942 ## - ADDED ENTRY ELEMENTS (KOHA) | |
| Source of classification or shelving scheme | Library of Congress Classification |
| Withdrawn status | Lost status | Source of classification or shelving scheme | Damaged status | Home library | Current library | Shelving location | Date acquired | Total Checkouts | Full call number | Barcode | Date last seen | Copy number | Price effective from | Koha item type |
|---|---|---|---|---|---|---|---|---|---|---|---|---|---|---|
| Library of Congress Classification | Luxembourg Library | Luxembourg Library | High School Section | 08/28/2013 | DA 591 .B979 1997 | 5515 | 01/12/2016 | 1 | 08/28/2013 | Books |